<?xml version="1.0" encoding="UTF-8"?>
<marc:record xmlns:marc="http://www.loc.gov/MARC21/slim">
   <marc:leader>00000nam a2200000 a 4500</marc:leader>
   <marc:datafield ind1="1" ind2=" " tag="100">
      <marc:subfield code="a">Jackson, Lisa</marc:subfield>
      <marc:subfield code="4">aut</marc:subfield>
      <marc:subfield code="e">Verfasser/-in</marc:subfield>
   </marc:datafield>
   <marc:datafield ind1=" " ind2=" " tag="653">
      <marc:subfield code="a">Thriller</marc:subfield>
   </marc:datafield>
   <marc:datafield ind1=" " ind2=" " tag="653">
      <marc:subfield code="a">Spionage</marc:subfield>
   </marc:datafield>
   <marc:datafield ind1=" " ind2=" " tag="653">
      <marc:subfield code="a">Krimis</marc:subfield>
   </marc:datafield>
   <marc:datafield ind1="0" ind2="0" tag="245">
      <marc:subfield code="a">Rausch des Sieges</marc:subfield>
   </marc:datafield>
   <marc:datafield ind1="0" ind2="0" tag="245">
      <marc:subfield code="c">Lisa Jackson</marc:subfield>
   </marc:datafield>
   <marc:datafield ind1=" " ind2="1" tag="264">
      <marc:subfield code="a">Hamburg</marc:subfield>
      <marc:subfield code="b">Cora-Verl.</marc:subfield>
      <marc:subfield code="c">2009</marc:subfield>
   </marc:datafield>
   <marc:datafield ind1="1" ind2=" " tag="490">
      <marc:subfield code="a">Mira Taschenbuch</marc:subfield>
      <marc:subfield code="v">Bd. 25391</marc:subfield>
   </marc:datafield>
   <marc:datafield ind1=" " ind2=" " tag="250">
      <marc:subfield code="a">Dt. Taschenbucherstausg., 1. Aufl.</marc:subfield>
   </marc:datafield>
   <marc:datafield ind1="1" ind2=" " tag="520">
      <marc:subfield code="a">Angaben aus der Verlagsmeldung

Rausch des Sieges : 1. Gefährlicher Einsatz /2. Die Stunde des Triumphs / von Lisa Jackson

1. Gefährlicher Einsatz: Sekunden, die entscheiden. „Gypsy Wind“ muss gewinnen, sonst verliert Rebecca alles, was ihr wichtig ist! Adrenalin pur – und dann taucht plötzlich Stephen Chambers auf der Rennbahn auf. Jener Mann, der sie schon einmal in eine gefährliche Intrige verwickelt hat. Doch ein zweites Mal wird Rebecca nicht tatenlos zusehen, wie Stephen ihr Leben ruiniert … 2. Die Stunde des Triumphs: Mit Tiffanys Gestüt geht es beharrlich abwärts. Doch als der undurchsichtige Zane Sheridan ihr ein Kaufangebot macht, lehnt sie wütend ab. Ihre Träume vom großen Triumph sind unverkäuflich! Aber Zane geht noch weiter. Er behauptet nicht nur, dass eine perfide Verschwörung hinter ihrem drohenden Ruin steckt, sondern versucht auch noch, das Rennen um ihr Herz zu machen.
</marc:subfield>
   </marc:datafield>
   <marc:datafield ind1=" " ind2=" " tag="020">
      <marc:subfield code="a">9783899416367</marc:subfield>
      <marc:subfield code="9">9783899416367</marc:subfield>
   </marc:datafield>
   <marc:datafield ind1=" " ind2=" " tag="041">
      <marc:subfield code="a">ger</marc:subfield>
   </marc:datafield>
   <marc:datafield ind1=" " ind2=" " tag="300">
      <marc:subfield code="a">492 S.</marc:subfield>
   </marc:datafield>
</marc:record>
